000 00683nam a2200217Ia 4500
003 GCL
008 140319s9999 xx 000 0 ara d
040 _aGCL /
_cGCL
082 0 4 _a001.5
_bع ب
100 1 _aعاطف عدلى العبد
245 1 0 _aبحوث المستمعين والمشاهدين فى الوطن العربى, دراسة تحليليلة /
_cعاطف عدلى العبد
260 _a[S.N] :
_bدار الفكر العربى ،
_c1993
300 _a117 ص
490 _a
650 0 4 _aالتليفزيون
650 0 4 _aالبحوث
650 0 4 _aالاعلام
650 0 4 _aوسائل الاعلام
650 0 4 _aالاذاعة
942 _2ddc
_cBK
999 _c34028
_d34028